Представление документа в формате RUSMARC

ПолеНазваниеЗначение
  Тип записи a
  Библиографический уровень a
001 Контрольный номер RU/CBS_UL/BASE/b13e87a79443442cb44399dfaabebaf4
005 Дата корректировки 20260219153114.9
100 Данные общей обработки __
a Данные общей обработки 20260219 ||| 0rusy0189 ca
101 Язык документа 0_
a Язык текста rus
102 Страна публикации __
a Страна публикации RU
200 Заглавие и сведения об ответственности 1_
a Заглавие "Отстаивайте же Севастополь!"
e Сведения, относящиеся к заглавию [русский вице-адмирал В. А. Корнилов]
f Первые сведения об ответственности В. Масорин
461 Уровень набора _0
1 2000
a Честь Отечества
463 Уровень физической единицы _0
1 2000
a № 1-2
v С. 18-19 : ил
1 2101
d 2026
1 001RU/CBS_UL/BASE/84d1925e5ac146458e290c11b6276ba6
600 Персоналии _1
a Персоналии (Фамилия) Корнилов
b Персоналии (Имя, инициалы) В. А.
606 Тематические рубрики 0_
a Основная рубрика Корнилов, Владимир Алексеевич (1806-1854)
610 Ключевые слова 0_
a Ключевые слова военные деятели
610 Ключевые слова 0_
a Ключевые слова русские военные деятели
610 Ключевые слова 0_
a Ключевые слова военные деятели русские
610 Ключевые слова 0_
a Ключевые слова вице-адмиралы
610 Ключевые слова 0_
a Ключевые слова русские вице-адмиралы
610 Ключевые слова 0_
a Ключевые слова вице-адмиралы русские
610 Ключевые слова 0_
a Ключевые слова герои Крымской войны
610 Ключевые слова 0_
a Ключевые слова Крымская война
610 Ключевые слова 0_
a Ключевые слова оборона Севастополя
686 Индексы других классификаций __
2 Код системы rubbk
a Классификационный индекс 63.3(2)521
700 Автор _1
a Фамилия Масорин
b Имя (инициалы) В.
801 Источник записи _0
a Страна RU
b Организация МБУК ЦБС г. Ульяновска
c Дата составления 20260219
g Правила каталогизации RCR
801 Источник записи _1
a Страна RU
b Организация МБУК ЦБС г. Ульяновска
c Дата составления 20260219
g Правила каталогизации RCR
901 Тип документа __
t Тип документа b
w Контрольный № источника RU/CBS_UL/BASE/84d1925e5ac146458e290c11b6276ba6
909 Создатель записи __
a Создатель записи lib2